[Event "Liberec Open 2022 - A FIDE Open"]
[Site "Clarion Grandhotel Zlaty Lev, Liberec"]
[Date "2022.02.11"]
[Round "8"]
[Board "6"]
[White "Soural, Jan"]
[Black "Nowak, Filip"]
[Result "1-0"]
[WhiteElo "2176"]
[BlackElo "1644"]
[PlyCount "63"]
[EventDate "2022.02.05"]
[EventRounds "9"]
[EventCountry "CZE"]

1. Nf3 Nf6 2. c4 c6 3. e3 d5 4. Nc3 e6 5. b3 Nbd7 6. Qc2 Be7 7. d4 O-O 8. Bb2
b6 9. Bd3 Bb7 10. O-O Rc8 11. Rfe1 h6 12. Rad1 Qc7 13. Qe2 Rfd8 14. e4 dxe4 15.
Nxe4 Nxe4 16. Bxe4 Nf6 17. Bb1 Bb4 18. Rf1 Qe7 19. c5 b5 20. Qc2 Rd5 21. Ne5
Rcd8 22. Rd3 Ba5 23. Rg3 Bc7 24. f4 Qe8 25. Ng4 Nxg4 26. Qh7+ Kf8 27. Rxg4 g6
28. Bxg6 fxg6 29. Rxg6 Qf7 30. Qxh6+ Ke8 31. Rg7 Qh5 32. Qxe6+  1-0

[Event "Liberec Open 2022 - A FIDE Open"]
[Site "Clarion Grandhotel Zlaty Lev, Liberec"]
[Date "2022.02.11"]
[Round "8"]
[Board "7"]
[White "Peglau, Dora"]
[Black "Cakl, Zdenek"]
[Result "1/2-1/2"]
[WhiteElo "1913"]
[BlackElo "2118"]
[PlyCount "110"]
[EventDate "2022.02.05"]
[EventRounds "9"]
[EventCountry "CZE"]

1. d4 d5 2. c4 e6 3. Nc3 Nf6 4. Nf3 Be7 5. Bf4 O-O 6. e3 Nbd7 7. Bd3 dxc4 8.
Bxc4 a6 9. O-O b5 10. Be2 Bb7 11. Ne5 Nxe5 12. Bxe5 Nd7 13. Bg3 c5 14. dxc5
Nxc5 15. Bf3 Qxd1 16. Rfxd1 Bxf3 17. gxf3 Bf6 18. Rac1 Rfd8 19. Bd6 Nb7 20. Bf4
Nc5 21. Bc7 Rxd1+ 22. Rxd1 b4 23. Ne4 Nxe4 24. fxe4 Bxb2 25. Rd8+ Rxd8 26. Bxd8
Kf8 27. Kf1 Be5 28. h3 Ke8 29. Ba5 Bd6 30. Ke2 Ke7 31. Kd3 Kf6 32. Kc4 Kg5 33.
Bxb4 Bxb4 34. Kxb4 Kh4 35. Ka5 Kxh3 36. Kxa6 Kg2 37. a4 h5 38. a5 h4 39. Kb6 h3
40. a6 h2 41. a7 h1=Q 42. a8=Q Qb1+ 43. Kc7 Qc2+ 44. Kd6 Qxf2 45. Qg8 g6 46.
Ke7 Qf3 47. Qxf7 Qxf7+ 48. Kxf7 g5 49. Kxe6 Kf3 50. Kd5 g4 51. e5 g3 52. e6 g2
53. e7 g1=Q 54. e8=Q Qxe3 55. Qxe3+ Kxe3  1/2-1/2

[Event "Liberec Open 2022 - A FIDE Open"]
[Site "Clarion Grandhotel Zlaty Lev, Liberec"]
[Date "2022.02.11"]
[Round "8"]
[Board "8"]
[White "Tomic, Stjepan"]
[Black "Muller, David"]
[Result "1-0"]
[WhiteElo "2001"]
[BlackElo "1795"]
[PlyCount "79"]
[EventDate "2022.02.05"]
[EventRounds "9"]
[EventCountry "CZE"]

1. d4 d5 2. Bf4 Nf6 3. e3 e6 4. Nd2 c5 5. c3 Nc6 6. Ngf3 Bd6 7. Bg3 O-O 8. Bd3
b6 9. Qe2 Qc7 10. Rd1 cxd4 11. exd4 Bb7 12. Ne5 h6 13. O-O Rad8 14. f4 Ne7 15.
Bh4 Nh7 16. Qh5 f6 17. Ng6 Rfe8 18. Rde1 Bc8 19. Ne5 Nf5 20. Ng6 Nxh4 21. Qxh4
f5 22. Nf3 Nf6 23. Nge5 Rf8 24. h3 Ne4 25. Rd1 Be7 26. Qe1 Kh7 27. Kh2 Bd7 28.
Rg1 Rg8 29. g4 g6 30. g5 hxg5 31. Bxe4 dxe4 32. Nxg5+ Bxg5 33. Rxg5 Be8 34.
Qh4+ Kg7 35. Rdg1 Kf8 36. Nxg6+ Bxg6 37. Rxg6 Rxg6 38. Rxg6 Rd7 39. Qh8+ Ke7
40. Qf6+  1-0

[Event "Liberec Open 2022 - A FIDE Open"]
[Site "Clarion Grandhotel Zlaty Lev, Liberec"]
[Date "2022.02.11"]
[Round "8"]
[Board "9"]
[White "Harish, Neeraj"]
[Black "Machacek, Jan"]
[Result "1-0"]
[WhiteElo "2091"]
[BlackElo "1976"]
[PlyCount "53"]
[EventDate "2022.02.05"]
[EventRounds "9"]
[EventCountry "CZE"]

1. e4 c5 2. Nf3 d6 3. d4 cxd4 4. Nxd4 Nf6 5. Nc3 a6 6. h4 e5 7. Nb3 Be6 8. f4
exf4 9. Bxf4 Nc6 10. Qd2 d5 11. O-O-O Nxe4 12. Nxe4 dxe4 13. Qe3 Qf6 14. Qxe4
Qg6 15. Qa4 Rc8 16. Bg5 h6 17. Bxa6 Bxb3 18. axb3 hxg5 19. Bxb7 Be7 20. Bxc8
O-O 21. Bb7 Nb4 22. Rd2 gxh4 23. Re1 Bg5 24. Qxb4 Rd8 25. Red1 Qe6 26. c4 Qf6
27. Bd5  1-0

[Event "Liberec Open 2022 - A FIDE Open"]
[Site "Clarion Grandhotel Zlaty Lev, Liberec"]
[Date "2022.02.11"]
[Round "8"]
[Board "10"]
[White "Rosol, Alexander"]
[Black "Pourquet, Matthieu"]
[Result "0-1"]
[WhiteElo "1902"]
[BlackElo "2197"]
[PlyCount "86"]
[EventDate "2022.02.05"]
[EventRounds "9"]
[EventCountry "CZE"]

1. Nf3 d5 2. g3 g6 3. Bg2 Bg7 4. d3 e5 5. Nbd2 Ne7 6. O-O O-O 7. e4 c5 8. Re1
Nbc6 9. exd5 Nxd5 10. Nc4 Re8 11. c3 Bf5 12. Nh4 Be6 13. Nf3 f6 14. a4 Qc7 15.
Nfd2 Rad8 16. Ne4 Nb6 17. Qf3 Nxc4 18. dxc4 f5 19. Nxc5 Bxc4 20. Bg5 Rc8 21.
Red1 e4 22. Qe3 Ne5 23. Nxe4 fxe4 24. Bxe4 Nf7 25. Bf4 Qe7 26. Bg2 g5 27. Qxe7
Rxe7 28. Be3 a6 29. a5 h6 30. h3 Be5 31. Bb6 Bf6 32. Rd2 Bb5 33. f4 gxf4 34.
gxf4 Bc6 35. Bf1 Kh8 36. Kh2 h5 37. Bd3 Rd7 38. Rad1 Rg8 39. Bc4 Rxd2+ 40. Rxd2
Rg7 41. Bc5 Kg8 42. Be6 Bh4 43. Bd5 Bg3+  0-1

[Event "Liberec Open 2022 - A FIDE Open"]
[Site "Clarion Grandhotel Zlaty Lev, Liberec"]
[Date "2022.02.12"]
[Round "9"]
[Board "1"]
[White "Nemec, Pavel"]
[Black "Dobrowolski, Piotr"]
[Result "1/2-1/2"]
[WhiteElo "2223"]
[BlackElo "2397"]
[PlyCount "40"]
[EventDate "2022.02.05"]
[EventRounds "9"]
[EventCountry "CZE"]

1. e4 c5 2. Nf3 e6 3. d4 cxd4 4. Nxd4 Nf6 5. Nc3 Nc6 6. g3 Qb6 7. Nb3 Bb4 8.
Bg2 Qa6 9. Bf1 Qa4 10. Bg2 O-O 11. Bd2 Bxc3 12. Bxc3 Nxe4 13. Bxg7 Kxg7 14.
Qg4+ Kh8 15. Qxe4 Qxe4+ 16. Bxe4 d5 17. Bg2 b6 18. O-O-O Ba6 19. Rhe1 Rac8 20.
Nd4 Kg7  1/2-1/2

[Event "Liberec Open 2022 - A FIDE Open"]
[Site "Clarion Grandhotel Zlaty Lev, Liberec"]
[Date "2022.02.12"]
[Round "9"]
[Board "2"]
[White "Adrian, Leopold"]
[Black "Schulz, Michael"]
[Result "1/2-1/2"]
[WhiteElo "2144"]
[BlackElo "2247"]
[PlyCount "46"]
[EventDate "2022.02.05"]
[EventRounds "9"]
[EventCountry "CZE"]

1. Nf3 g6 2. c4 Bg7 3. Nc3 c5 4. e3 Nf6 5. d4 O-O 6. Be2 cxd4 7. exd4 d5 8. O-O
Nc6 9. Re1 dxc4 10. Bxc4 Bg4 11. d5 Bxf3 12. Qxf3 Nd4 13. Qd1 Nf5 14. Bg5 h6
15. Bf4 Rc8 16. Bb3 a6 17. Qd2 Kh7 18. Rad1 b5 19. Qe2 Re8 20. Be5 Nd6 21. Bd4
Nf5 22. Be5 Nd6 23. Bd4 Nf5  1/2-1/2

[Event "Liberec Open 2022 - A FIDE Open"]
[Site "Clarion Grandhotel Zlaty Lev, Liberec"]
[Date "2022.02.12"]
[Round "9"]
[Board "3"]
[White "Lajbl, Jan"]
[Black "Tomic, Stjepan"]
[Result "1-0"]
[WhiteElo "2218"]
[BlackElo "2001"]
[PlyCount "69"]
[EventDate "2022.02.05"]
[EventRounds "9"]
[EventCountry "CZE"]

1. e4 c6 2. d4 d5 3. f3 e6 4. Nc3 Bb4 5. Bd2 Bxc3 6. Bxc3 dxe4 7. Nh3 e3 8. Qd3
Nf6 9. Qxe3 Nbd7 10. Nf4 Nb6 11. Bd2 Nbd5 12. Nxd5 cxd5 13. Bb4 Bd7 14. Bd3 Qc7
15. O-O h6 16. Rfc1 Bc6 17. c4 Rd8 18. Qf2 Qd7 19. Rd1 Ng8 20. Qg3 Ne7 21. Qxg7
Rg8 22. Qxh6 dxc4 23. Bh7 Rf8 24. h4 Qc7 25. Qg5 Rd5 26. Qg4 Rh8 27. Qg7 Rf8
28. Re1 Rh5 29. Rxe6 Rxh7 30. Rxc6 bxc6 31. Qxh7 Rg8 32. Bxe7 Qg3 33. Bg5 Rg6
34. Qh8+ Kd7 35. Qe5  1-0

[Event "Liberec Open 2022 - A FIDE Open"]
[Site "Clarion Grandhotel Zlaty Lev, Liberec"]
[Date "2022.02.12"]
[Round "9"]
[Board "4"]
[White "Sliwerski, Radoslaw"]
[Black "Soural, Jan"]
[Result "1/2-1/2"]
[WhiteElo "1976"]
[BlackElo "2176"]
[PlyCount "48"]
[EventDate "2022.02.05"]
[EventRounds "9"]
[EventCountry "CZE"]

1. d4 Nf6 2. c4 c5 3. d5 d6 4. Nc3 g6 5. Nf3 Bg7 6. Nd2 O-O 7. e4 e6 8. Be2
exd5 9. cxd5 Re8 10. O-O Nbd7 11. f4 c4 12. e5 dxe5 13. Nxc4 Nb6 14. fxe5 Nfxd5
15. Nd6 Nxc3 16. bxc3 Rxe5 17. Nxf7 Qxd1 18. Bxd1 Rf5 19. Nh6+ Bxh6 20. Bxh6
Rxf1+ 21. Kxf1 Be6 22. Bb3 Kf7 23. Re1 Re8 24. Be3 Nc4  1/2-1/2

[Event "Liberec Open 2022 - A FIDE Open"]
[Site "Clarion Grandhotel Zlaty Lev, Liberec"]
[Date "2022.02.12"]
[Round "9"]
[Board "5"]
[White "Pourquet, Matthieu"]
[Black "Raeke, Philipp"]
[Result "1-0"]
[WhiteElo "2197"]
[BlackElo "1908"]
[PlyCount "71"]
[EventDate "2022.02.05"]
[EventRounds "9"]
[EventCountry "CZE"]

1. g3 e6 2. Bg2 f5 3. Nf3 Nf6 4. O-O Be7 5. c4 O-O 6. b3 a5 7. Nc3 Na6 8. e3
Ne4 9. Ne2 Rb8 10. d3 Ng5 11. Nfd4 e5 12. Nb5 c6 13. Nbc3 d6 14. f4 Nf7 15. Bb2
Qe8 16. Qd2 Nh6 17. Rae1 Qh5 18. Nd1 Bf6 19. Qxa5 b6 20. Qd2 Bb7 21. Ndc3 Rfd8
22. e4 g5 23. exf5 d5 24. fxe5 Bxe5 25. cxd5 cxd5 26. d4 Bf6 27. h3 Nc7 28. Qe3
Ba6 29. g4 Re8 30. Qg3 Qf7 31. Ba3 Rbc8 32. Bd6 Bxe2 33. Nxe2 Nb5 34. Be5 Rc2
35. Qd3 Na3 36. Nc3  1-0

[Event "Liberec Open 2022 - A FIDE Open"]
[Site "Clarion Grandhotel Zlaty Lev, Liberec"]
[Date "2022.02.12"]
[Round "9"]
[Board "6"]
[White "Cakl, Zdenek"]
[Black "Peglau, Charis"]
[Result "0-1"]
[WhiteElo "2118"]
[BlackElo "1874"]
[PlyCount "74"]
[EventDate "2022.02.05"]
[EventRounds "9"]
[EventCountry "CZE"]

1. Nf3 Nf6 2. b3 g6 3. Bb2 Bg7 4. g3 d5 5. c4 c6 6. Bg2 O-O 7. O-O Bf5 8. d4 e6
9. Nc3 Be4 10. Nxe4 Nxe4 11. Qc2 Nd7 12. Ne5 f5 13. Nd3 Qe7 14. Rad1 Rad8 15.
e3 Ndf6 16. Qc1 g5 17. Ba3 Nd6 18. Ne5 g4 19. Qc2 Nfe4 20. h4 gxh3 21. Bxh3 Rf6
22. Bg2 Rh6 23. Nf3 Qe8 24. Bxd6 Rxd6 25. Rb1 Qh5 26. Rfe1 Qg4 27. b4 dxc4 28.
Qxc4 Rg6 29. b5 Nxf2 30. Rb2 Nh3+ 31. Kf1 Qxg3 32. bxc6 Rxc6 33. Qb5 Bf8 34.
Qe5 f4 35. d5 Rc5 36. e4 b6 37. Rbe2 Qxf3+  0-1

[Event "Liberec Open 2022 - A FIDE Open"]
[Site "Clarion Grandhotel Zlaty Lev, Liberec"]
[Date "2022.02.12"]
[Round "9"]
[Board "7"]
[White "Harish, Neeraj"]
[Black "Bezdek, Tomas"]
[Result "1-0"]
[WhiteElo "2091"]
[BlackElo "1855"]
[PlyCount "63"]
[EventDate "2022.02.05"]
[EventRounds "9"]
[EventCountry "CZE"]

1. e4 c5 2. Nf3 Nc6 3. d4 cxd4 4. Nxd4 g6 5. c4 Bg7 6. Be3 Nf6 7. Nc3 d6 8. Be2
O-O 9. O-O Bd7 10. Nc2 Rc8 11. Rc1 Ne5 12. b3 Bc6 13. f4 Ned7 14. Bf3 Ne8 15.
Nd4 Qa5 16. Qe1 Nc5 17. Nd5 Qd8 18. Qd2 Ne6 19. Nxe6 fxe6 20. Nc3 Nf6 21. Rfd1
Qa5 22. Bd4 Rfd8 23. Qb2 Bh6 24. b4 Qc7 25. b5 Be8 26. b6 Qd7 27. e5 Bxf4 28.
exf6 Bxc1 29. Qxc1 Rxc4 30. Qh6 exf6 31. Bxf6 Rdc8 32. Nd5  1-0

[Event "Liberec Open 2022 - A FIDE Open"]
[Site "Clarion Grandhotel Zlaty Lev, Liberec"]
[Date "2022.02.12"]
[Round "9"]
[Board "8"]
[White "Dudek, Vojtech"]
[Black "Ernst, Robert"]
[Result "1-0"]
[WhiteElo "2063"]
[BlackElo "1792"]
[PlyCount "43"]
[EventDate "2022.02.05"]
[EventRounds "9"]
[EventCountry "CZE"]

1. d4 d5 2. Bf4 Nf6 3. e3 e6 4. Nf3 c5 5. c3 Nc6 6. Nbd2 Bd6 7. Bg3 b6 8. Bd3
Bb7 9. Ne5 Bxe5 10. dxe5 Nd7 11. f4 h5 12. e4 d4 13. Nc4 Kf8 14. Nd6 Qc7 15.
O-O h4 16. Bf2 g5 17. cxd4 cxd4 18. Rc1 Nc5 19. Bb5 a5 20. fxg5 Nxe5 21. Bxd4
Qxd6 22. Bxc5  1-0

[Event "Liberec Open 2022 - A FIDE Open"]
[Site "Clarion Grandhotel Zlaty Lev, Liberec"]
[Date "2022.02.12"]
[Round "9"]
[Board "9"]
[White "Sadek, Vojtech"]
[Black "Peglau, Dora"]
[Result "1/2-1/2"]
[WhiteElo "1872"]
[BlackElo "1913"]
[PlyCount "119"]
[EventDate "2022.02.05"]
[EventRounds "9"]
[EventCountry "CZE"]

1. e4 c6 2. d4 d5 3. f3 dxe4 4. fxe4 e5 5. Nf3 Bg4 6. Bc4 Nd7 7. c3 b5 8. Bb3
Ngf6 9. O-O Bd6 10. Qd3 O-O 11. Be3 Qc7 12. Nbd2 Bh5 13. Kh1 Rad8 14. a4 a6 15.
axb5 axb5 16. d5 Nc5 17. Bxc5 Bxc5 18. Nh4 Qb7 19. Qg3 Bg6 20. Nxg6 hxg6 21.
Rxf6 gxf6 22. dxc6 Qxc6 23. Qxg6+ Kh8 24. Qh6+ Kg8 25. Rf1 Rxd2 26. Qxd2 Qxe4
27. Rxf6 Qb1+ 28. Bd1 Be3 29. Qd7 Qxb2 30. Qg4+ Kh8 31. Qh5+ Kg7 32. Qxe5 Qc1
33. Rf1+ f6 34. Qg3+ Kh6 35. Qh4+ Kg7 36. Qg4+ Kh8 37. Qh5+ Kg7 38. Qf5 Qxc3
39. Bh5 Qe5 40. Qg4+ Kh8 41. Qh3 Bh6 42. Qf3 Qe3 43. Qc6 Qe5 44. Bg4 b4 45. Bf5
Rd8 46. h3 Qe7 47. Bg4 Kg7 48. Qc4 Bd2 49. Be6 Bc3 50. Qg4+ Kh8 51. Qh5+ Qh7
52. Qg4 Qg7 53. Qh5+ Qh7 54. Qa5 Qd3 55. Rf5 Qd1+ 56. Kh2 Qd6+ 57. Kh1 Qd1+ 58.
Kh2 Qd6+ 59. Kh1 Qd1+ 60. Kh2  1/2-1/2

[Event "Liberec Open 2022 - A FIDE Open"]
[Site "Clarion Grandhotel Zlaty Lev, Liberec"]
[Date "2022.02.12"]
[Round "9"]
[Board "10"]
[White "Adrian, Claude"]
[Black "Zacek, Petr"]
[Result "1/2-1/2"]
[WhiteElo "2186"]
[BlackElo "1907"]
[PlyCount "55"]
[EventDate "2022.02.05"]
[EventRounds "9"]
[EventCountry "CZE"]

1. c4 Nf6 2. Nc3 g6 3. e4 d6 4. d4 Bg7 5. Nge2 O-O 6. Ng3 e5 7. d5 Nbd7 8. Be2
a5 9. h4 h5 10. Bg5 Nc5 11. Bxh5 gxh5 12. Nxh5 Kh8 13. Nxg7 Kxg7 14. Qf3 Rg8
15. O-O-O Ncd7 16. Ne2 Kf8 17. Ng3 Rg6 18. Nh5 Ke7 19. Rh3 Qh8 20. Rg3 Qh7 21.
Re1 Qh8 22. Re3 b6 23. b3 Ba6 24. Nxf6 Nxf6 25. h5 Rgg8 26. Qg4 Rxg5 27. Qxg5
Qxh5 28. Qxh5  1/2-1/2